[Event "Mondiale Semilampo 2016"]
[Site "Doha QAT"]
[Date "2016.12.27"]
[Round "10.39"]
[White "Atabayev, Yusup"]
[Black "Flores, Diego"]
[Result "1/2-1/2"]
[WhiteTitle "IM"]
[BlackTitle "GM"]
[WhiteElo "2473"]
[BlackElo "2579"]
[WhiteFideId "14001128"]
[BlackFideId "108049"]
[EventDate "2016.12.26"]

1. e4 c5 2. Nc3 e6 3. Nf3 a6 4. d4 cxd4 5. Nxd4 b5 6. Bd3 Qb6 7. Be3 Bc5 8. Nce2
Nf6 9. c3 Ng4 10. Ng3 Nxe3 11. fxe3 Bd6 12. Nh5 Be5 13. O-O O-O 14. Qg4 Nc6 15.
Kh1 g6 16. Qg5 Qd8 17. Nf6+ Kg7 18. Nh5+ Kh8 19. Nf6 Kg7 20. Nh5+ Kh8 21. Nf6
Kg7 22. Nh5+ Kh8 23. Nf6 Kg7 24. Nh5+ Kg8 25. Qg4 Kh8 26. Qg5 Qb6 27. Qg4 Kg8 1/2-1/2

[Event "Mondiale Semilampo 2016"]
[Site "Doha QAT"]
[Date "2016.12.27"]
[Round "10.40"]
[White "Anton Guijarro, David"]
[Black "Darini, Pouria"]
[Result "1-0"]
[WhiteTitle "GM"]
[BlackTitle "GM"]
[WhiteElo "2650"]
[BlackElo "2511"]
[WhiteFideId "2285525"]
[BlackFideId "12502200"]
[EventDate "2016.12.26"]

1. Nf3 Nf6 2. c4 g6 3. Nc3 d5 4. cxd5 Nxd5 5. h4 Bg7 6. e4 Nxc3 7. dxc3 Qxd1+ 8.
Kxd1 Bg4 9. Kc2 Nd7 10. Be3 h6 11. Nd2 Be6 12. f3 f5 13. exf5 Bxf5+ 14. Bd3 Rd8
15. Rae1 Kf7 16. Re2 Bf6 17. Be4 h5 18. Bf2 Ne5 19. Bg3 Nd3 20. Bxc7 Rd7 21. Bg3
Rc8 22. Nb3 a5 23. Nc1 Nxb2 24. Kxb2 Rxc3 25. Bxf5 Rxf3+ 26. Be5 Rxf5 27. Bxf6
Rb5+ 28. Kc2 exf6 29. Rh3 Rb4 30. Ree3 Rg4 31. g3 b5 32. Rh2 Rc7+ 33. Kb1 Rgc4
34. Nd3 b4 35. Rf2 Rc3 36. Rff3 Kg7 37. Nf4 Rc1+ 38. Kb2 R7c2+ 39. Kb3 Rd2 40.
Ne6+ Kh6 41. Rxf6 Rb1+ 42. Kc4 Rc1+ 43. Kb5 Rd5+ 44. Ka4 Rd2 45. Nf4 Rxa2+ 46.
Kb5 Rc7 47. Rxg6+ Kh7 48. Re5 Rg7 49. Rb6 b3 50. Rxh5+ Kg8 51. Rb8+ Kf7 52. Rf5+
Ke7 53. Rb7+ Ke8 54. Re5+ Kd8 55. Ne6+ Kc8 56. Rxg7 b2 57. Kc6 1-0

[Event "Mondiale Semilampo 2016"]
[Site "Doha QAT"]
[Date "2016.12.27"]
[Round "10.41"]
[White "Salinas Herrera, Pablo"]
[Black "Agdestein, Simen"]
[Result "0-1"]
[WhiteTitle "IM"]
[BlackTitle "GM"]
[WhiteElo "2466"]
[BlackElo "2602"]
[WhiteFideId "3407128"]
[BlackFideId "1500015"]
[EventDate "2016.12.26"]

1. Nf3 e6 2. d4 f5 3. c4 Nf6 4. e3 Bb4+ 5. Nbd2 O-O 6. Bd3 d5 7. O-O c6 8. Ne5
Nbd7 9. cxd5 cxd5 10. Ndf3 Ne4 11. Nxd7 Bxd7 12. Qb3 Qb6 13. a3 Bd6 14. Qxb6
axb6 15. Ne1 Rfc8 16. f3 Nf6 17. Bd2 e5 18. Bc3 e4 19. Bc2 Bxa3 20. Bb3 Bb5 21.
Rf2 Bf8 22. Rxa8 Rxa8 23. fxe4 fxe4 24. Rf5 Bd7 25. Bxd5+ Kh8 26. Rxf6 gxf6 27.
Bxe4 Re8 28. Bxb7 Rxe3 29. Kf2 Re8 30. Nd3 Bd6 31. g3 Bb5 32. Nf4 Bxf4 33. gxf4
Re2+ 34. Kg3 Re3+ 35. Kf2 Re2+ 36. Kg3 Kg7 37. Bf3 Re8 38. d5 Be2 39. Bg2 Kf7
40. Bd4 b5 41. Bc5 Rg8+ 42. Kf2 Bc4 43. Bf3 Rd8 44. Bh5+ Kg7 45. d6 Be6 46. Bf3
Bd7 47. b4 Re8 48. Bd5 Kg6 49. Bg2 Kh5 50. Bf3+ Kg6 51. Bg2 h5 52. Bf1 Bc6 53.
Bd3+ f5 54. Bb6 h4 55. h3 Ra8 56. Ba5 Kf6 57. Ke3 Ke6 58. Bc7 Ra3 59. Kd4 Bd7
60. Bd8 Rb3 61. Bxh4 Rxb4+ 62. Ke3 Kxd6 63. Bf6 Ke6 64. Bc3 Ra4 65. Bc2 Ra3 66.
Kd4 Kf6 67. h4 Kg6 68. Bb4 Ra8 69. Be7 Re8 70. Bg5 Be6 71. Kc3 Rc8+ 72. Kb2 Bc4
73. h5+ Kxh5 74. Bxf5 Re8 75. Bc2 Kg4 76. Kc3 Re3+ 77. Kd4 Re1 78. Kc3 Rc1 79.
Kb2 Rg1 80. Kc3 Kf3 81. Bh6 Ke2 82. Bf8 Rg3+ 83. Kd4 Kd2 84. Be4 Rb3 85. f5 Bf7
86. Bh6+ Ke2 87. Bf8 b4 88. f6 Rb2 89. Bd3+ Kf3 90. Bd6 b3 91. Kc3 Rg2 92. Ba3
Kf4 93. Bb1 Ke5 94. Be7 Bd5 95. Bd8 Ke6 96. Be7 Rf2 97. Bd8 Ke5 98. Be7 Rf3+ 99.
Kb2 Kd4 100. Bd8 Kc4 101. Ka3 Rf2 102. Be7 Be4 103. Bc5 Kxc5 104. Bxe4 Kc4 105.
Bb1 Kc3 0-1

[Event "Mondiale Semilampo 2016"]
[Site "Doha QAT"]
[Date "2016.12.27"]
[Round "10.42"]
[White "Tari, Aryan"]
[Black "Bosiocic, Marin"]
[Result "1-0"]
[WhiteTitle "GM"]
[BlackTitle "GM"]
[WhiteElo "2584"]
[BlackElo "2591"]
[WhiteFideId "1510045"]
[BlackFideId "14507927"]
[EventDate "2016.12.26"]

1. c4 e6 2. Nc3 d5 3. d4 c6 4. Nf3 dxc4 5. a4 Bb4 6. Bd2 Nf6 7. e3 Bxc3 8. Bxc3
Nd5 9. Bxc4 Nxc3 10. bxc3 Qa5 11. Qc2 O-O 12. O-O Nd7 13. Bd3 h6 14. e4 b6 15.
Nd2 Ba6 16. e5 Bxd3 17. Qxd3 Nb8 18. Ne4 Qd5 19. c4 Qd8 20. f4 Nd7 21. Nd6 Qe7
22. Rae1 f6 23. Qe4 c5 24. d5 fxe5 25. fxe5 Rxf1+ 26. Rxf1 Rf8 27. Re1 Rd8 28.
Nb5 Nf8 29. Rf1 Nh7 30. Nd6 Rf8 31. Re1 Ng5 32. Qg4 Kh8 33. h4 Nf7 34. Qxe6 Qxh4
35. Re4 Qh5 36. g4 Qh3 37. Nxf7+ Rxf7 38. Qxf7 Qg3+ 39. Kf1 Qh3+ 40. Ke2 Qg2+
41. Kd3 1-0

[Event "Mondiale Semilampo 2016"]
[Site "Doha QAT"]
[Date "2016.12.27"]
[Round "10.43"]
[White "Kozul, Zdenko"]
[Black "Mareco, Sandro"]
[Result "0-1"]
[WhiteTitle "GM"]
[BlackTitle "GM"]
[WhiteElo "2613"]
[BlackElo "2635"]
[WhiteFideId "14502879"]
[BlackFideId "112275"]
[EventDate "2016.12.26"]

1. d4 Nf6 2. c4 e6 3. g3 d5 4. Bg2 Bb4+ 5. Nd2 O-O 6. Nf3 dxc4 7. O-O c3 8. Nc4
cxb2 9. Bxb2 Nc6 10. Qc2 Be7 11. Rac1 a5 12. a3 Ra6 13. Rfd1 Nb8 14. Nce5 c6 15.
h4 h6 16. e3 Nbd7 17. Bf1 Ra8 18. Bc4 Nb6 19. Ba2 Bd7 20. Bb1 h5 21. g4 hxg4 22.
Nxg4 g6 23. Nge5 Be8 24. Kh1 Bd6 25. Rg1 Qe7 26. Rg2 Rc8 27. Rcg1 Rc7 28. Qb3
Nbd5 29. Nc4 Nh5 30. Nxd6 Qxd6 31. Rg5 Ndf6 32. e4 Ng7 33. d5 Nxe4 34. Bxe4 cxd5
35. Bb1 Rc4 36. R5g4 Nh5 37. Ne5 Rxg4 38. Rxg4 Qc5 39. Nd3 Qc6 40. Ne5 Qc5 41.
Kg1 Nf6 42. Nd3 Qe7 43. Qc3 e5 44. Nxe5 Nxg4 45. Nxg4 f5 46. Nf6+ Kf7 47. Nh7
Rg8 48. Ng5+ Kf8 49. a4 d4 50. Qxd4 Bc6 51. Qc3 Ke8 52. Ba2 Rf8 53. Ba3 Qe2 54.
Qe3+ Qxe3 55. fxe3 Rh8 56. Bf7+ Kd8 57. Bxg6 Rxh4 58. Bxf5 Rxa4 59. Bd6 Ra1+ 60.
Kf2 Rd1 61. Bc5 a4 62. e4 Rc1 63. Bb6+ Ke8 64. Ke3 a3 65. Be6 Bb5 66. Kd4 Rc2
67. Bf7+ Kd7 68. e5 a2 0-1

[Event "Mondiale Semilampo 2016"]
[Site "Doha QAT"]
[Date "2016.12.27"]
[Round "10.44"]
[White "Ghaem Maghami, Ehsan"]
[Black "Sanal, Vahap"]
[Result "0-1"]
[WhiteTitle "GM"]
[BlackTitle "GM"]
[WhiteElo "2574"]
[BlackElo "2474"]
[WhiteFideId "12500739"]
[BlackFideId "6300545"]
[EventDate "2016.12.26"]

1. e4 e5 2. Nf3 Nc6 3. Bb5 a6 4. Ba4 Nf6 5. O-O Be7 6. Re1 b5 7. Bb3 O-O 8. d3
d6 9. a4 b4 10. Nbd2 Be6 11. Nc4 h6 12. a5 Rb8 13. h3 Qc8 14. Be3 Rd8 15. Qe2
Bf8 16. d4 Nxe4 17. dxe5 d5 18. Ncd2 Nc5 19. Bf4 Rb5 20. Ba2 Rxa5 21. Nb3 Nxb3
22. Bxb3 Rxa1 23. Rxa1 Nb8 24. Nd4 c5 25. Nxe6 Qxe6 26. c4 bxc3 27. bxc3 c4 28.
Bc2 Nd7 29. Qg4 Qxg4 30. hxg4 g5 31. Be3 Nxe5 32. f3 Re8 33. Kf2 Re6 34. Ra5 Rd6
35. Bc5 Rd8 36. Bxf8 Kxf8 37. Rxa6 Kg7 38. Ke3 Nd7 39. Ba4 Nf6 40. Bc6 Rb8 41.
Ra2 Rb6 42. Ba8 Rb1 43. Rd2 Rc1 44. Kd4 Kf8 45. Ke5 Ke7 46. Bxd5 Rxc3 47. Re2
Nxd5 48. Kxd5+ Kf6 49. Re4 Rc2 50. Rxc4 Rxg2 51. Rc6+ Kg7 52. Ke4 Re2+ 53. Kd3
Re8 54. Ra6 f6 55. Rb6 Kf7 56. Rb4 Re6 57. f4 gxf4 58. Rxf4 Kg6 59. Rf1 Re5 60.
Rh1 Kg5 61. Kd4 Re2 62. Kd3 Re8 63. Rf1 Re6 64. Rg1 Kf4 65. Kd2 Kf3 66. Rh1 Kxg4
67. Rxh6 Kg5 68. Rh1 f5 69. Rg1+ Kh4 70. Rf1 Kg4 71. Rg1+ Kh3 72. Rf1 Re5 73.
Kd3 Kg2 74. Rf4 Kg3 75. Rf1 f4 76. Rg1+ Kf2 77. Rg8 f3 78. Kd2 Rd5+ 79. Kc3 Rd7
80. Rg6 Kf1 81. Kc2 f2 82. Rg8 Rd5 83. Rg7 Ke2 84. Re7+ Kf3 85. Rf7+ Kg3 86.
Rg7+ Kf4 0-1

[Event "Mondiale Semilampo 2016"]
[Site "Doha QAT"]
[Date "2016.12.27"]
[Round "10.45"]
[White "Svane, Rasmus"]
[Black "Maghsoodloo, Parham"]
[Result "1/2-1/2"]
[WhiteTitle "GM"]
[BlackTitle "GM"]
[WhiteElo "2555"]
[BlackElo "2584"]
[WhiteFideId "4657101"]
[BlackFideId "12539929"]
[EventDate "2016.12.26"]

1. Nf3 c5 2. c4 Nc6 3. d4 cxd4 4. Nxd4 g6 5. e4 Bg7 6. Be3 Nf6 7. Nc3 O-O 8. Be2
d6 9. O-O Bd7 10. Nc2 Rc8 11. Rc1 a6 12. f4 Be6 13. Qd2 Qa5 14. a3 Ng4 15. b4
Qd8 16. Bxg4 Bxg4 17. Nd5 Be6 18. Nb6 Rc7 19. a4 f5 20. b5 axb5 21. cxb5 Nb8 22.
Nd4 Bf7 23. exf5 Nd7 24. Nxd7 Rxc1 25. Rxc1 Qxd7 26. Qc2 gxf5 27. Nxf5 Bf6 28.
Nh6+ Kg7 29. Nxf7 Rxf7 30. Qd3 Rf8 31. Bd4 Rc8 32. Bxf6+ exf6 33. Rxc8 Qxc8 34.
Qxd6 Qc1+ 35. Kf2 Qc2+ 36. Kg3 Qxa4 37. Qd7+ Kg6 38. Qe8+ Kh6 39. Qf8+ Kg6 40.
Qg8+ Kh6 41. Qf7 Qd4 42. Qxb7 Qd3+ 43. Kh4 Qf1 44. Kg3 Qd3+ 45. Kh4 Qf1 46. Qb8
Qf2+ 47. Kh3 Qe3+ 48. Kg4 Qe6+ 49. Kf3 Qd5+ 50. Ke3 Qc5+ 51. Kd3 Qd5+ 52. Kc3
Qc5+ 53. Kb3 Qd5+ 54. Kb4 Qd4+ 55. Ka5 Qa1+ 56. Kb6 Qd4+ 57. Kc6 Qe4+ 58. Kc5
Qe3+ 59. Kd5 Qb3+ 60. Kd6 Qd3+ 61. Ke6 Qc4+ 62. Kxf6 Qxb5 63. Qf8+ Kh5 64. Kg7
Qb2+ 65. Kxh7 Qb7+ 66. Qg7 Qe4+ 67. Kg8 Qa8+ 68. Kf7 Qb7+ 69. Kg8 Qa8+ 70. Kh7
Qe4+ 71. Kh8 Qa8+ 72. Qg8 Qa1+ 73. Kh7 Qb1+ 74. Kg7 Qb2+ 75. Kh7 Qb1+ 76. Kh8
Qa1+ 77. Qg7 Qa8+ 78. Kh7 Qe4+ 79. Kg8 Qa8+ 80. Qf8 Qxg2+ 81. Kf7 Qg6+ 82. Ke7
Qe4+ 83. Kd7 Qb7+ 84. Ke6 Qe4+ 85. Kd7 Qb7+ 86. Kd8 Qa8+ 87. Ke7 Qxf8+ 88. Kxf8
Kg4 89. h4 Kxf4 90. h5 Kg5 91. h6 Kxh6 1/2-1/2

[Event "Mondiale Semilampo 2016"]
[Site "Doha QAT"]
[Date "2016.12.27"]
[Round "10.46"]
[White "Gashimov, Sarkhan"]
[Black "Shytaj, Luca"]
[Result "1-0"]
[BlackTitle "IM"]
[WhiteElo "2351"]
[BlackElo "2435"]
[WhiteFideId "13400657"]
[BlackFideId "812633"]
[EventDate "2016.12.26"]

1. Nf3 Nf6 2. b3 g6 3. Bb2 Bg7 4. g3 O-O 5. Bg2 d5 6. c4 c6 7. O-O Qb6 8. Qc2
Na6 9. a3 Rd8 10. d3 Bf5 11. Nbd2 Rac8 12. Rab1 Nc7 13. b4 dxc4 14. Nxc4 Qa6 15.
a4 Ncd5 16. Qb3 Nb6 17. Na5 Be6 18. Qa3 c5 19. bxc5 Qxa5 20. cxb6 axb6 21. Qxe7
Qxa4 22. Qxb7 Nd5 23. Bxg7 Rc7 24. Qxc7 Nxc7 25. Bf6 Re8 26. Nd4 Nd5 27. Bxd5
Bxd5 28. Rxb6 Qd7 29. Rfb1 h5 30. e4 Ba8 31. Rb8 Kh7 32. Nf3 Qc6 33. Ng5+ Kg8
34. R1b6 Qa4 35. Rxe8+ Qxe8 36. Rd6 1-0

[Event "Mondiale Semilampo 2016"]
[Site "Doha QAT"]
[Date "2016.12.27"]
[Round "10.47"]
[White "Hirneise, Tobias"]
[Black "Saeed, Ishaq"]
[Result "1-0"]
[WhiteTitle "IM"]
[BlackTitle "FM"]
[WhiteElo "2466"]
[BlackElo "2312"]
[WhiteFideId "24600881"]
[BlackFideId "9301453"]
[EventDate "2016.12.26"]

1. d4 Nf6 2. c4 e6 3. Nf3 b6 4. g3 Bb7 5. Bg2 Be7 6. O-O O-O 7. Nc3 Ne4 8. Qc2
f5 9. Ne5 Nd6 10. Bxb7 Nxb7 11. e4 d6 12. Nf3 Nc6 13. Re1 a5 14. a3 Bf6 15. Be3
Qc8 16. Rad1 Kh8 17. Kg2 Nbd8 18. exf5 exf5 19. Nd5 h6 20. h4 Qd7 21. Nf4 Ne7
22. d5 Nf7 23. Ne6 Rfe8 24. Qd2 c6 25. Bd4 cxd5 26. Bxf6 gxf6 27. cxd5 Kh7 28.
Nfd4 Ne5 29. f4 Ng4 30. Qd3 h5 31. Qb5 Qb7 32. Nc6 Ng6 33. Re2 Rg8 34. Kh3 Nh6
35. Rde1 Ng4 36. Ned4 Rg7 37. Nxf5 Qd7 38. Nxg7 Nxf4+ 39. gxf4 Nf2+ 40. Kg2 Qg4+
41. Kxf2 Qxf4+ 42. Kg1 Qg3+ 43. Rg2 Qxe1+ 44. Qf1 Qe3+ 45. Qf2 Qc1+ 46. Kh2 1-0

[Event "Mondiale Semilampo 2016"]
[Site "Doha QAT"]
[Date "2016.12.27"]
[Round "10.48"]
[White "Hirneise, Jens"]
[Black "Belyakov, Bogdan"]
[Result "0-1"]
[WhiteTitle "FM"]
[BlackTitle "IM"]
[WhiteElo "2315"]
[BlackElo "2487"]
[WhiteFideId "24614734"]
[BlackFideId "24104795"]
[EventDate "2016.12.26"]

1. e4 e5 2. Nf3 Nc6 3. Bb5 Nf6 4. d3 Bc5 5. c3 O-O 6. O-O d6 7. Nbd2 a6 8. Ba4
Ba7 9. Re1 Ne7 10. Nf1 Ng6 11. Ng3 h6 12. h3 Nh7 13. d4 Qf6 14. Nh5 Qe7 15. Be3
Kh8 16. Qd2 f5 17. exf5 Rxf5 18. Bc2 e4 19. Nxg7 Rxf3 20. Bxh6 Rf8 21. Bxe4 Qf7
22. Qc2 Nh4 23. Bxh7 Qf6 24. Ne6 Bxe6 25. Bxf8 Rxf8 26. Re3 c5 27. d5 Bxd5 28.
Be4 Bxe4 29. Rxe4 c4 30. Rf1 Rg8 31. Kh1 Nxg2 32. Rg1 Qf3 33. Kh2 Bxf2 34. Rh4+
Bxh4 35. Rxg2 Bg3+ 36. Kg1 Re8 0-1

[Event "Mondiale Semilampo 2016"]
[Site "Doha QAT"]
[Date "2016.12.27"]
[Round "10.49"]
[White "Neelotpal, Das"]
[Black "Gholami, Aryan"]
[Result "1-0"]
[WhiteTitle "GM"]
[BlackTitle "IM"]
[WhiteElo "2463"]
[BlackElo "2422"]
[WhiteFideId "5003512"]
[BlackFideId "12513342"]
[EventDate "2016.12.26"]

1. e4 c5 2. Nf3 g6 3. d4 cxd4 4. Nxd4 Bg7 5. c4 Nc6 6. Be3 Nh6 7. Nc3 O-O 8. Be2
f5 9. exf5 Bxd4 10. Bxh6 Rxf5 11. O-O d6 12. Qd2 Qb6 13. Bd3 Rf7 14. b3 Qa5 15.
Rac1 Qh5 16. Be3 Bxe3 17. Qxe3 Bd7 18. Be4 Raf8 19. Bd5 Ne5 20. Bxf7+ Rxf7 21.
f3 Bc6 22. Ne4 b6 23. Qg5 Rxf3 24. gxf3 Nxf3+ 25. Rxf3 Qxf3 26. Nf2 e5 27. Re1
b5 28. Re3 Qf7 29. Qd8+ Kg7 30. Qxd6 1-0

[Event "Mondiale Semilampo 2016"]
[Site "Doha QAT"]
[Date "2016.12.27"]
[Round "10.50"]
[White "Christiansen, Johan-Sebastian"]
[Black "Kayumov, Sergey"]
[Result "1-0"]
[WhiteTitle "IM"]
[BlackTitle "GM"]
[WhiteElo "2429"]
[BlackElo "2505"]
[WhiteFideId "1512668"]
[BlackFideId "14200880"]
[EventDate "2016.12.26"]

1. Nf3 Nf6 2. c4 Nc6 3. g3 g6 4. Bg2 Bg7 5. O-O O-O 6. d4 d6 7. Nc3 e6 8. d5 Ne7
9. dxe6 Bxe6 10. Nd4 Bxc4 11. Bxb7 Rb8 12. Bg2 c5 13. Nc2 d5 14. b3 Ba6 15. Ba3
Ng4 16. Qe1 Rc8 17. h3 Nh6 18. Rc1 Nhf5 19. Na4 Qd6 20. Qa5 Bxe2 21. Rfe1 Bd3
22. Bxc5 Qd7 23. Nb4 Bb5 24. Bxe7 Nxe7 25. Nc5 Nc6 26. Qxb5 Qd6 27. Nxc6 Rxc6
28. Nb7 Rxc1 29. Rxc1 Qa3 30. Qc5 Qb2 31. Bxd5 Re8 32. Bxf7+ Kxf7 33. Nd6+ Kg8
34. Qc4+ 1-0

[Event "Mondiale Semilampo 2016"]
[Site "Doha QAT"]
[Date "2016.12.27"]
[Round "10.51"]
[White "Tissir, Mohamed"]
[Black "Stratonowitsch, Andre"]
[Result "1-0"]
[WhiteTitle "IM"]
[WhiteElo "2376"]
[BlackElo "2138"]
[WhiteFideId "9000240"]
[BlackFideId "24613959"]
[EventDate "2016.12.26"]

1. e4 c5 2. Nc3 e6 3. Nf3 Nc6 4. d4 cxd4 5. Nxd4 Qc7 6. Nb3 a6 7. Bd3 Nf6 8. O-O
Bb4 9. f4 O-O 10. Qf3 d6 11. Nd1 b5 12. c3 Bc5+ 13. Kh1 Bb7 14. Qh3 g6 15. Nxc5
dxc5 16. Nf2 Rad8 17. Bc2 Qe7 18. Be3 Na5 19. b3 Bc6 20. Qh4 Rd7 21. Qg5 Nb7 22.
Qh6 Rfd8 23. Rae1 Qf8 24. Qh4 Qg7 25. Bc1 c4 26. e5 Ne8 27. Be4 Bd5 28. b4 f5
29. exf6 Nxf6 30. Bxd5 exd5 31. Be3 Ne4 32. Bd4 Nxf2+ 33. Rxf2 Qf7 34. Rfe2 Qf5
35. h3 Nd6 36. Re7 Nf7 37. Re8+ 1-0

[Event "Mondiale Semilampo 2016"]
[Site "Doha QAT"]
[Date "2016.12.27"]
[Round "10.52"]
[White "Al-Sayed, Mohammed"]
[Black "khayat, Abdullah F"]
[Result "1-0"]
[WhiteTitle "GM"]
[WhiteElo "2508"]
[BlackElo "1732"]
[WhiteFideId "12100196"]
[BlackFideId "21500460"]
[EventDate "2016.12.26"]

1. d4 Nf6 2. Nf3 d6 3. c4 g6 4. Nc3 a5 5. e4 Bg7 6. Be2 O-O 7. O-O e5 8. Be3 Ng4
9. Bg5 Bf6 10. Bxf6 Qxf6 11. h3 exd4 12. Nd5 Qd8 13. hxg4 Bxg4 14. Nxd4 Bxe2 15.
Qxe2 c6 16. Nc3 Nd7 17. Rad1 Ne5 18. Nf3 f6 19. Nxe5 fxe5 20. c5 Qg5 21. cxd6
Rf4 22. d7 Rd8 23. Qe3 Qh5 24. Ne2 Rf7 25. Ng3 Qg4 26. Qc5 Qf4 27. Qxa5 Rdxd7
28. Rxd7 Rxd7 29. Qa8+ Kg7 30. Qe8 Rf7 31. Qd8 h5 32. Qd3 h4 33. Ne2 Qg4 34. Qe3
g5 35. f3 Qh5 36. Qc5 g4 37. fxg4 Rxf1+ 38. Kxf1 Qg5 39. Qd6 Qxg4 40. Qxe5+ Kg8
41. Qb8+ Kh7 42. Qxb7+ Kh8 43. Qxc6 h3 44. Qc3+ 1-0

[Event "Mondiale Semilampo 2016"]
[Site "Doha QAT"]
[Date "2016.12.28"]
[Round "11.5"]
[White "Vidit, Santosh Gujrathi"]
[Black "Aronian, Levon"]
[Result "1/2-1/2"]
[WhiteTitle "GM"]
[BlackTitle "GM"]
[WhiteElo "2689"]
[BlackElo "2785"]
[WhiteFideId "5029465"]
[BlackFideId "13300474"]
[EventDate "2016.12.26"]

1. d4 Nf6 2. c4 e6 3. Nf3 d5 4. Nc3 Bb4 5. Bg5 dxc4 6. e4 c5 7. Bxc4 cxd4 8.
Nxd4 Bxc3+ 9. bxc3 Qa5 10. Bb5+ Nbd7 11. Bxf6 Qxc3+ 12. Kf1 gxf6 13. Nf5 exf5
14. Rc1 Qb2 15. Rxc8+ Rxc8 16. Qxd7+ Kf8 17. Qd6+ Kg7 18. Qg3+ 1/2-1/2

[Event "Mondiale Semilampo 2016"]
[Site "Doha QAT"]
[Date "2016.12.28"]
[Round "11.7"]
[White "Li, Chao b"]
[Black "Yu, Yangyi"]
[Result "1/2-1/2"]
[WhiteTitle "GM"]
[BlackTitle "GM"]
[WhiteElo "2720"]
[BlackElo "2729"]
[WhiteFideId "8604436"]
[BlackFideId "8603820"]
[EventDate "2016.12.26"]

1. d4 Nf6 2. c4 e6 3. Nf3 d5 4. g3 Bb4+ 5. Bd2 Be7 6. Bg2 O-O 7. O-O c6 8. Qc2
Nbd7 9. Rd1 b6 10. Bf4 Bb7 11. Nc3 dxc4 12. Nd2 Nd5 13. Nxc4 Nxf4 14. gxf4 Qc7
15. e3 Rad8 16. a4 Bb4 17. b3 Bxc3 18. Qxc3 c5 1/2-1/2

[Event "Mondiale Semilampo 2016"]
[Site "Doha QAT"]
[Date "2016.12.28"]
[Round "11.8"]
[White "Riazantsev, Alexander"]
[Black "Melkumyan, Hrant"]
[Result "1-0"]
[WhiteTitle "GM"]
[BlackTitle "GM"]
[WhiteElo "2671"]
[BlackElo "2633"]
[WhiteFideId "4125029"]
[BlackFideId "13302485"]
[EventDate "2016.12.26"]

1. d4 Nf6 2. c4 e6 3. Nc3 Bb4 4. Qc2 d6 5. a3 Bxc3+ 6. Qxc3 Nbd7 7. f3 a5 8. e4
e5 9. Ne2 a4 10. Be3 O-O 11. O-O-O b6 12. g4 Ra5 13. h4 Re8 14. h5 h6 15. Kb1
Nh7 16. Ng3 exd4 17. Bxd4 f6 18. Be2 Bb7 19. Rhe1 Ng5 20. Rd2 Nc5 21. Bd1 Nce6
22. Bg1 Qa8 23. Nf5 Bc6 24. Ka1 Re5 25. Be3 Nc5 26. Bd4 Nce6 27. Bxe5 fxe5 28.
Bc2 Kh8 29. Red1 Nf4 30. Re1 Nge6 31. Rg1 Ng5 32. Re1 Bd7 33. Re3 Nge6 34. Rd1
Qd8 35. Ree1 Qg5 36. Ne3 Ra8 37. Nd5 Qd8 38. Nxf4 Nxf4 39. Rd2 Ra5 40. Rg1 Qg5
41. Qb4 Ne6 42. Rgd1 Be8 43. Kb1 Nd4 44. Rxd4 exd4 45. Rxd4 Qe3 46. Rd3 Qg1+ 47.
Rd1 Qf2 48. Qc3 Bf7 49. Bd3 Rc5 50. Qc2 Qg3 51. Qe2 Qf4 52. Rc1 Bg8 53. Rc3 Qg3
54. Qe3 Be6 55. Be2 Bg8 56. Qd4 Qe1+ 57. Qd1 Qf2 58. Qd3 Qg1+ 59. Rc1 Qg3 60.
Qe3 Bf7 61. Rg1 Qh2 62. Rc1 Qg3 63. Bd3 Be6 64. Rg1 Qh2 65. Rc1 Qg3 66. Rg1 Qh2
67. Rc1 Qg3 68. Qe2 Qf4 69. Rc3 Bg8 70. Bc2 Ra5 71. Qe3 Qg3 72. Qd4 Qf4 73. Qd1
Rc5 74. Bxa4 Bxc4 75. Bb3 Bxb3 76. Qxb3 Qe5 77. Rxc5 Qxc5 78. Qc3 Qg1+ 79. Qc1
Qg2 80. Qxc7 Qf1+ 81. Ka2 Kh7 82. Qxb6 Qc4+ 83. Qb3 Qc5 84. a4 1-0

[Event "Mondiale Semilampo 2016"]
[Site "Doha QAT"]
[Date "2016.12.28"]
[Round "11.16"]
[White "Onischuk, Vladimir"]
[Black "Amonatov, Farrukh"]
[Result "0-1"]
[WhiteTitle "GM"]
[BlackTitle "GM"]
[WhiteElo "2601"]
[BlackElo "2620"]
[WhiteFideId "14114038"]
[BlackFideId "14700077"]
[EventDate "2016.12.26"]

1. e4 c5 2. Nf3 d6 3. d4 cxd4 4. Nxd4 Nf6 5. Nc3 a6 6. Nb3 e5 7. Bg5 Be7 8. Bxf6
Bxf6 9. Qd3 O-O 10. Rd1 Be7 11. Nd5 Bg5 12. g3 Be6 13. h4 Bh6 14. Bg2 Nd7 15.
Nc3 Nb6 16. Na5 Na4 17. Nxa4 Qxa5+ 18. Nc3 Rac8 19. Bh3 Bc4 20. Qf3 Rc6 21. a3
b5 22. Bf1 Be6 23. Bd3 b4 24. axb4 Qxb4 25. O-O Qxb2 26. Nd5 Bxd5 27. exd5 Rb6
28. Qh5 Rb4 29. Rfe1 Rd4 30. Kg2 a5 31. g4 Qb4 32. f3 Rxd3 33. cxd3 Bd2 34. Re4
g6 35. Rxb4 axb4 36. Rxd2 gxh5 37. gxh5 b3 38. Rb2 Rb8 39. Kf2 Kg7 40. Ke3 Rb4
41. Kd2 Kf6 42. Kc3 Rb8 43. d4 exd4+ 44. Kxd4 Kf5 45. Ke3 Ke5 46. f4+ Kxd5 47.
Kd3 f5 48. Kc3 Ke4 49. Re2+ Kf3 50. Rb2 Kxf4 0-1

[Event "Mondiale Semilampo 2016"]
[Site "Doha QAT"]
[Date "2016.12.28"]
[Round "11.17"]
[White "Tomashevsky, Evgeny"]
[Black "Cheparinov, Ivan"]
[Result "1/2-1/2"]
[WhiteTitle "GM"]
[BlackTitle "GM"]
[WhiteElo "2716"]
[BlackElo "2689"]
[WhiteFideId "4147235"]
[BlackFideId "2905540"]
[EventDate "2016.12.26"]

1. Nf3 d5 2. g3 g6 3. c4 dxc4 4. Na3 Bg7 5. Nxc4 Nc6 6. Bg2 e5 7. d3 Nge7 8. O-O
O-O 9. Bd2 a5 10. Rc1 f6 11. a3 a4 12. b4 axb3 13. Qxb3 Kh8 14. a4 Rb8 15. Na3
Bg4 16. Bc3 Qd7 17. Nb5 Rfc8 18. Rfd1 Be6 19. Qc2 Nd5 20. d4 Nxc3 21. Qxc3 e4
22. Nd2 f5 23. Nc4 Rd8 24. e3 Ne7 25. Qc2 Nd5 26. Ne5 Qe7 27. Bf1 c6 28. Nc3 Ra8
29. Nxd5 Bxd5 30. Nc4 Qc7 31. Rb1 Ra7 32. Nb6 Bg8 33. Bc4 Bxc4 34. Qxc4 Ra6 35.
Qb3 Ra5 36. Nc4 Ra7 37. a5 Rd5 38. Qb6 Qxb6 39. Rxb6 Bf6 40. Rdb1 Rd7 41. a6
bxa6 42. Rxc6 Rdc7 43. d5 Kg7 44. Nd6 Rxc6 45. dxc6 Be5 46. Nc4 Kf6 47. Nxe5
Kxe5 48. Rb7 Ra8 49. c7 Rc8 50. Ra7 Kd6 51. Rxa6+ Kd7 52. h4 Rxc7 53. h5 Ke7 54.
hxg6 hxg6 55. Rxg6 Kf7 56. Ra6 Rc8 57. Kg2 Rg8 58. Rh6 Kg7 59. Re6 Kf7 60. Ra6
Rh8 61. Kf1 Rh1+ 62. Kg2 Rh8 63. Rb6 Rg8 64. Kf1 Ra8 65. g4 fxg4 66. Kg2 Rh8 67.
Rb4 Kf6 68. Rxe4 Kf5 69. Rf4+ Kg5 70. Ra4 Rf8 71. Ra5+ Kg6 72. Kf1 Rb8 73. Kg1
Rh8 74. Ra4 Kg5 75. Rf4 Ra8 76. Kh2 Rh8+ 77. Kg2 Rh6 78. Rf8 Rh7 79. e4 Re7 80.
Rf5+ Kh4 81. Rf4 Ra7 82. Rf5 Ra4 83. Re5 Ra2 84. Re8 Ra3 85. e5 Kg5 86. Rf8 Ra5
87. e6 Re5 88. Re8 Kf6 89. Kg3 Kg5 90. Rg8+ Kf6 91. Rh8 Re4 92. Re8 Kg5 93. Kg2
Kf6 94. Kg3 Kg5 95. e7 Kf6 96. Rf8+ Kxe7 97. Rf4 Re1 98. Kxg4 1/2-1/2